00469nam a2200097Ia 45000010005000000080041000050820032000461000071000782450198001492600024003472854241024s9999 xx 000 0 und d aRD/372.41/R426c/IDEICE/2012 aRepública Dominicana. Ministerio de Educación/CECC/SICA/IDEICE 0aLos concepciones docentes acerca de la enseñanza y el aprendizaje de la lectoescritura como factores del éxito o del fracaso escolar. Versión preliminar para discusión interna en IDEISE bSanto Domingoc2012